Translations of John - Statistics

General Stats
  • This quiz has been taken 26,828 times
  • The average score is 5 of 11
Answer Stats
Language Translation % Correct
Spanish Juan
87%
French Jean
73%
German (1) Johann
56%
Italian Giovanni or Gianni
44%
Dutch Jan
44%
Russian Ivan
41%
Portuguese João
36%
Scots Ian
25%
Irish Seán
24%
German (2) Hans
17%
Welsh Evan
14%
No matching quizzes found
Score Distribution
Percent of People with Each Score
Percentile by Number Answered
Your Score History
You have not taken this quiz